Golden Globe Award for Best Actor – Motion Picture Drama - Statistics

General Stats
  • This quiz has been taken 36 times
  • The average score is 30 of 75
Answer Stats
Year Actor % Correct
2015 Leonardo DiCaprio
93%
2004 Leonardo DiCaprio
93%
1992 Al Pacino
86%
1973 Al Pacino
86%
1989 Tom Cruise
86%
2000 Tom Hanks
86%
1994 Tom Hanks
86%
1993 Tom Hanks
86%
1999 Denzel Washington
79%
1988 Dustin Hoffman
76%
1979 Dustin Hoffman
76%
1980 Robert De Niro
76%
2002 Jack Nicholson
72%
1975 Jack Nicholson
72%
1974 Jack Nicholson
72%
2012 Daniel Day-Lewis
69%
2007 Daniel Day-Lewis
69%
1972 Marlon Brando
69%
1954 Marlon Brando
69%
1971 Gene Hackman
66%
2011 George Clooney
66%
2001 Russell Crowe
62%
1983 Robert Duvall
55%
2016 Casey Affleck
52%
2010 Colin Firth
48%
1981 Henry Fonda
48%
1969 John Wayne
48%
1987 Michael Douglas
48%
1968 Peter O'Toole
48%
1964 Peter O'Toole
48%
2003 Sean Penn
48%
1982 Ben Kingsley
45%
1985 Jon Voight
45%
1978 Jon Voight
45%
1963 Sidney Poitier
45%
1990 Jeremy Irons
38%
2014 Eddie Redmayne
34%
1962 Gregory Peck
34%
1946 Gregory Peck
34%
2009 Jeff Bridges
34%
1953 Spencer Tracy
34%
1970 George C. Scott
31%
1956 Kirk Douglas
31%
2013 Matthew McConaughey
31%
2006 Forest Whitaker
28%
1952 Gary Cooper
28%
1977 Richard Burton
28%
1957 Alec Guinness
24%
1984 F. Murray Abraham
24%
1996 Geoffrey Rush
24%
1998 Jim Carrey
24%
1948 Laurence Olivier
24%
1976 Peter Finch
24%
1991 Nick Nolte
21%
2005 Philip Seymour Hoffman
21%
1967 Rod Steiger
21%
1960 Burt Lancaster
17%
2008 Mickey Rourke
17%
1995 Nicolas Cage
14%
1966 Paul Scofield
14%
1997 Peter Fonda
14%
1958 David Niven
10%
1955 Ernest Borgnine
10%
1965 Omar Sharif
7%
1945 Ray Milland
7%
1959 Anthony Franciosa
3%
1950 José Ferrer
3%
1961 Maximilian Schell
3%
1943 Paul Lukas
3%
1947 Ronald Colman
3%
1944 Alexander Knox
0%
1986 Bob Hoskins
0%
1949 Broderick Crawford
0%
1951 Fredric March
0%
1983 Tom Courtenay
0%
No matching quizzes found
Score Distribution
Percent of People with Each Score
Percentile by Number Answered
Your Score History
You have not taken this quiz